[Event "Ayr Shire & Arran Congress"]
[Site "Ayr"]
[Date "2014.05.25"]
[Round "4"]
[White "Will, Douglas"]
[Black "Marks, Ian Alexander"]
[Result "1-0"]
[WhiteElo "1912"]
[BlackElo "2040"]
[PlyCount "99"]
[EventDate "2014.05.??"]
[EventType "swiss"]
[EventRounds "5"]
[EventCountry "SCO"]
[SourceTitle "EXT 2023"]
[Source "ChessBase"]
[SourceDate "2022.10.05"]
[SourceVersion "1"]
[SourceVersionDate "2022.10.05"]
[SourceQuality "1"]

1. e4 e6 2. f4 d5 3. Nc3 dxe4 4. Nxe4 Nf6 5. Nxf6+ gxf6 6. g3 c5 7. Bg2 Nc6 8. Bxc6+ bxc6 9. Qe2 Qd5 10. Nf3 a5 11. c4 Qd6 12. b3 Bg7 13. Bb2 0-0 14. 0-0 a4 15. Qf2 axb3 16. axb3 Rxa1 17. Rxa1 Qd3 18. Qe3 Qxe3+ 19. dxe3 Rd8 20. Ra8 Re8 21. Kf2 Bd7 22. Rxe8+ Bxe8 23. Ba3 Bf8 24. Nd2 f5 25. Nb1 f6 26. Nc3 e5 27. Na4 Kf7 28. Bxc5 Bxc5 29. Nxc5 Ke7 30. Ke2 e4 31. Kd2 Kd6 32. b4 Bf7 33. Kc3 Bh5 34. Nb3 Be8 35. Nd4 Bd7 36. Kb3 c5 37. bxc5+ Kxc5 38. Kc3 Bc8 39. Nb3+ Kc6 40. Kb4 Kb6 41. c5+ Kc7 42. Nd4 Bd7 43. Ka5 Kb7 44. Kb4 Kc7 45. Kc4 Bc8 46. Kd5 Bd7 47. c6 Bc8 48. Kc5 h5 49. Nb5+ Kd8 50. Kd6 1-0

[Event "SCO-ch 119th"]
[Site "Glasgow"]
[Date "2012.10.07"]
[Round "4"]
[White "Brown, Martin"]
[Black "Will, Douglas"]
[Result "0-1"]
[WhiteElo "2224"]
[BlackElo "1923"]
[PlyCount "74"]
[EventDate "2012.07.07"]
[EventType "swiss"]
[EventRounds "9"]
[EventCountry "SCO"]
[SourceTitle "CBM 149 Extra"]
[Source "ChessBase"]
[SourceDate "2012.08.24"]
[SourceVersion "1"]
[SourceVersionDate "2012.08.24"]
[SourceQuality "1"]

1. e4 e5 2. Nf3 Nc6 3. d4 exd4 4. Nxd4 Nf6 5. Nxc6 bxc6 6. e5 Ne4 7. Qf3 Ng5 8. Qg3 Ne6 9. Bd3 d6 10. 0-0 dxe5 11. Qxe5 Bd6 12. Qe4 Rb8 13. f4 Rb4 14. Qxc6+ Kf8 15. Qf3 Bb7 16. Qf2 Nxf4 17. Nc3 Qg5 18. Bxf4 Rxf4 19. Qe2 Bxg2 20. Qxg2 Rg4 21. Be4 Qh4 22. Rf2 Bc5 23. Kh1 Bxf2 24. Qf3 Bg3 25. Qe2 Bd6 26. Bd5 Rf4 27. Ne4 g6 28. Nxd6 cxd6 29. Rf1 Qf6 30. Rxf4 Qxf4 31. c4 Kg7 32. b4 Re8 33. Qb2+ f6 34. Kg1 Re3 35. Qf2 Qg4+ 36. Kf1 Qd1+ 37. Kg2 Re2 0-1

[Event "SCO-ch 119th"]
[Site "Glasgow"]
[Date "2012.07.08"]
[Round "2"]
[White "Orr, Mark JL"]
[Black "Will, Douglas"]
[Result "1-0"]
[WhiteElo "2260"]
[BlackElo "1923"]
[PlyCount "57"]
[EventDate "2012.07.07"]
[EventType "swiss"]
[EventRounds "9"]
[EventCountry "SCO"]
[SourceTitle "CBM 149 Extra"]
[Source "ChessBase"]
[SourceDate "2012.08.24"]
[SourceVersion "1"]
[SourceVersionDate "2012.08.24"]
[SourceQuality "1"]

1. c4 Nf6 2. g3 g6 3. Bg2 Bg7 4. Nc3 0-0 5. e4 e5 6. Nge2 d6 7. d3 Nc6 8. 0-0 Nd7 9. f4 Nc5 10. f5 Nb4 11. Rf3 gxf5 12. exf5 Ncxd3 13. Rxd3 Bxf5 14. Ne4 Nxd3 15. Qxd3 Bg6 16. g4 Qh4 17. Qg3 Qe7 18. h4 f5 19. gxf5 Rxf5 20. Bg5 Qf8 21. N2c3 c6 22. Rd1 Bh5 23. Rxd6 Rf4 24. Bxf4 exf4 25. Qg5 f3 26. Nf6+ Kh8 27. Nxh5 f2+ 28. Kf1 Qxd6 29. Qxg7# 1-0

[Event "Edinburgh op"]
[Site "Edinburgh"]
[Date "2012.03.31"]
[Round "2"]
[White "Koehn, Lennart"]
[Black "Will, Douglas"]
[Result "1/2-1/2"]
[WhiteElo "1651"]
[BlackElo "1930"]
[PlyCount "82"]
[EventDate "2012.03.30"]
[EventType "swiss"]
[EventRounds "5"]
[EventCountry "SCO"]
[SourceTitle "EXT 2014"]
[Source "ChessBase"]
[SourceDate "2013.11.20"]
[SourceVersion "1"]
[SourceVersionDate "2013.11.20"]
[SourceQuality "1"]

1. e4 e5 2. Nf3 Nc6 3. Bc4 Nf6 4. 0-0 Bc5 5. d3 d5 6. exd5 Nxd5 7. Nc3 Nxc3 8. bxc3 0-0 9. h3 Qf6 10. Ng5 Bf5 11. Qf3 h6 12. Ne4 Bxe4 13. Qxf6 gxf6 14. dxe4 Kg7 15. Rb1 Bb6 16. Ba3 Rfd8 17. Bd5 f5 18. Rbd1 fxe4 19. Bxe4 Rxd1 20. Rxd1 Rd8 21. Rd3 Rxd3 22. cxd3 Nd8 23. Be7 c6 24. Bf5 Bc7 25. Kf1 b6 26. Ke2 Nb7 27. Be4 Bd8 28. Bb4 c5 29. Bxb7 cxb4 30. cxb4 f5 31. Bc8 Kf6 32. Ke3 Be7 33. a3 a5 34. bxa5 bxa5 35. a4 Bc5+ 36. Kf3 e4+ 37. dxe4 fxe4+ 38. Kxe4 Bxf2 39. Kf3 Be1 40. Kg4 Kg7 41. h4 Bb4 1/2-1/2

[Event "Lothians op"]
[Site "Scotland"]
[Date "2011.10.02"]
[Round "5"]
[White "Will, Douglas"]
[Black "Grant, Jonathan"]
[Result "0-1"]
[WhiteElo "1870"]
[BlackElo "2115"]
[PlyCount "70"]
[EventDate "2011.09.30"]
[EventType "swiss"]
[EventRounds "5"]
[EventCountry "SCO"]
[SourceTitle "EXT 2023"]
[Source "ChessBase"]
[SourceDate "2022.10.05"]
[SourceVersion "1"]
[SourceVersionDate "2022.10.05"]
[SourceQuality "1"]

1. e4 c6 2. d4 d5 3. Nc3 dxe4 4. f3 exf3 5. Nxf3 Nf6 6. Bc4 Bf5 7. Ne5 e6 8. 0-0 Bg6 9. Bg5 Nbd7 10. Nxg6 hxg6 11. Qd3 Qc7 12. Bf4 Bd6 13. Qg3 Bxf4 14. Qxf4 Qxf4 15. Rxf4 0-0-0 16. b4 Nb6 17. Bd3 g5 18. Rff1 Rxd4 19. b5 c5 20. a4 c4 21. a5 Nbd7 22. Ra4 Ne5 23. b6 a6 24. Be2 Nd5 25. Nxd5 exd5 26. c3 Rdh4 27. Rd1 Rd8 28. Ra2 d4 29. cxd4 Rdxd4 30. g4 Rxd1+ 31. Bxd1 Rh6 32. Rc2 Rc6 33. Re2 Rc5 34. Bc2 g6 35. Be4 Rxa5 0-1

[Event "Lothians op"]
[Site "Scotland"]
[Date "2011.10.02"]
[Round "4"]
[White "Will, Douglas"]
[Black "Watt, David Anthony"]
[Result "1-0"]
[WhiteElo "1870"]
[BlackElo "1508"]
[PlyCount "90"]
[EventDate "2011.09.30"]
[EventType "swiss"]
[EventRounds "5"]
[EventCountry "SCO"]
[SourceTitle "EXT 2023"]
[Source "ChessBase"]
[SourceDate "2022.10.05"]
[SourceVersion "1"]
[SourceVersionDate "2022.10.05"]
[SourceQuality "1"]

1. e4 e5 2. Nc3 Nc6 3. f4 Bb4 4. Nf3 Bxc3 5. dxc3 d6 6. Bb5 exf4 7. Bxf4 Bd7 8. 0-0 h6 9. Bxc6 Bxc6 10. e5 dxe5 11. Qxd8+ Rxd8 12. Bxe5 Bxf3 13. Rxf3 f6 14. Bxc7 Rd2 15. Rf2 Rxf2 16. Kxf2 Ne7 17. Re1 Kf7 18. Bd6 Nf5 19. Bc5 b6 20. Bb4 a5 21. Ba3 Rd8 22. Re2 Rd1 23. g4 Nd6 24. Bxd6 Rxd6 25. Kf3 b5 26. h3 Rc6 27. Rd2 Re6 28. Rd4 Rc6 29. Ke3 a4 30. Kd3 g6 31. b3 Rc5 32. c4 axb3 33. cxb3 bxc4+ 34. bxc4 Rc6 35. a4 g5 36. a5 h5 37. gxh5 f5 38. Rd5 Rh6 39. Rxf5+ Rf6 40. Rxg5 Rd6+ 41. Kc3 Ra6 42. h6 Ra7 43. h7 Kf8 44. Rg8+ Ke7 45. Rg7+ Kd8 1-0

[Event "SCO-ch 118th"]
[Site "Edinburgh"]
[Date "2011.07.14"]
[Round "6"]
[White "Will, Douglas"]
[Black "Campbell, Eoin S"]
[Result "1-0"]
[WhiteElo "1946"]
[BlackElo "1876"]
[PlyCount "105"]
[EventDate "2011.07.09"]
[EventType "swiss"]
[EventRounds "9"]
[EventCountry "SCO"]
[SourceTitle "EXT 2023"]
[Source "ChessBase"]
[SourceDate "2022.10.05"]
[SourceVersion "1"]
[SourceVersionDate "2022.10.05"]
[SourceQuality "1"]

1. e4 c5 2. Nc3 Nc6 3. f4 e6 4. Nf3 d5 5. Bb5 Nge7 6. 0-0 d4 7. Ne2 a6 8. Bxc6+ Nxc6 9. d3 Bd7 10. c3 Qb6 11. Kh1 0-0-0 12. cxd4 cxd4 13. a3 f6 14. b4 Bd6 15. Bb2 e5 16. fxe5 Bxe5 17. Rc1 Kb8 18. Rc5 Bg4 19. Qa1 Bxf3 20. gxf3 g5 21. f4 gxf4 22. Nxf4 Bxf4 23. Rxf4 Rd6 24. Rcf5 Ne7 25. Rxf6 Ng6 26. Rxd6 Qxd6 27. Rf5 Rf8 28. Qf1 Rxf5 29. Qxf5 Nh4 30. Qf2 Qh6 31. Qg3+ Kc8 32. Bxd4 Qc1+ 33. Bg1 Qd1 34. h3 Nf3 35. d4 Nxg1 36. Qg8+ Kd7 37. Qxh7+ Ke8 38. Qg6+ Ke7 39. Qxg1 Qd3 40. Qg2 Qd1+ 41. Kh2 Qxd4 42. Qg5+ Kf8 43. Qf5+ Kg7 44. Qg5+ Kh7 45. Qf5+ Kh6 46. Kg3 Qg1+ 47. Kf4 Qh2+ 48. Ke3 Qg3+ 49. Qf3 Qe1+ 50. Kf4 Qh4+ 51. Qg4 Qf2+ 52. Ke5 Qb2+ 53. Kf5 1-0

[Event "SCO-ch 118th"]
[Site "Edinburgh"]
[Date "2011.07.09"]
[Round "1"]
[White "Lampard, Alice"]
[Black "Will, Douglas"]
[Result "1-0"]
[WhiteElo "1523"]
[BlackElo "1946"]
[PlyCount "73"]
[EventDate "2011.07.09"]
[EventType "swiss"]
[EventRounds "9"]
[EventCountry "SCO"]
[SourceTitle "CBM 143 Extra"]
[Source "ChessBase"]
[SourceDate "2011.08.29"]
[SourceVersion "1"]
[SourceVersionDate "2011.08.29"]
[SourceQuality "1"]

1. e4 e5 2. Bc4 Nc6 3. Nf3 Nf6 4. d3 d5 5. Bb3 Bc5 6. exd5 Nxd5 7. h3 0-0 8. 0-0 Nf4 9. Bxf4 exf4 10. Nbd2 Nd4 11. Nxd4 Qxd4 12. Ne4 Bb6 13. c3 Qd8 14. Qf3 Qh4 15. Rfe1 Kh8 16. d4 Bd7 17. Rad1 f5 18. Nc5 Bc6 19. Bd5 Be8 20. g3 fxg3 21. Qxg3 Qxg3+ 22. fxg3 Bh5 23. Rd3 Rad8 24. Bc4 Rfe8 25. Rde3 Bxc5 26. Rxe8+ Bxe8 27. dxc5 h6 28. Re7 Bc6 29. b4 Rd1+ 30. Kf2 Be4 31. Re8+ Kh7 32. Bg8+ Kg6 33. Re6+ Kg5 34. Bf7 Rd2+ 35. Ke1 Rd7 36. Rg6+ Kh5 37. Rxg7+ 1-0

[Event "Edinburgh op"]
[Site "Edinburgh"]
[Date "2011.04.02"]
[Round "2"]
[White "McGowan, Daniel"]
[Black "Will, Douglas"]
[Result "1-0"]
[WhiteElo "2101"]
[BlackElo "1968"]
[PlyCount "127"]
[EventDate "2011.04.01"]
[EventType "swiss"]
[EventRounds "5"]
[EventCountry "SCO"]
[SourceTitle "EXT 2013"]
[Source "ChessBase"]
[SourceDate "2012.11.22"]
[SourceVersion "1"]
[SourceVersionDate "2012.11.22"]
[SourceQuality "1"]

1. e4 e5 2. Nf3 Nc6 3. Bb5 f5 4. d3 Nf6 5. Nc3 Bb4 6. exf5 0-0 7. Bd2 d6 8. Ne2 Bxf5 9. Bxb4 Nxb4 10. Qd2 Nc6 11. h3 a6 12. Ba4 b5 13. Bb3+ d5 14. Qc3 Qd6 15. Ng3 Bg6 16. Nh4 Nd4 17. Nxg6 hxg6 18. Qd2 c5 19. c3 Nf5 20. Ne4 Qc6 21. 0-0 Nh4 22. Qg5 c4 23. Qxh4 Nxe4 24. dxe4 cxb3 25. axb3 Rf4 26. exd5 Qxd5 27. Qg5 Qxb3 28. Qxe5 Rf6 29. Rad1 Raf8 30. Qd5+ Qxd5 31. Rxd5 Re8 32. Rd2 Re4 33. Rfd1 b4 34. Rd4 Re2 35. R1d2 Re1+ 36. Kh2 bxc3 37. bxc3 Rc6 38. Rd6 Re6 39. Rxe6 Rxe6 40. Kg3 Rc6 41. Rc2 Kf7 42. Kf4 Ke6 43. Ke4 g5 44. c4 g6 45. c5 a5 46. Kd4 a4 47. Ra2 Ra6 48. Kc4 a3 49. Kb5 Ra8 50. Kb4 Kd5 51. Rxa3 Rxa3 52. Kxa3 Kxc5 53. Kb3 Kd4 54. Kc2 Ke4 55. Kd2 Kf4 56. Ke2 g4 57. hxg4 Kxg4 58. Ke3 Kg5 59. Ke4 Kg4 60. Ke5 Kg5 61. Ke6 Kf4 62. Kf6 g5 63. Kg6 g4 64. Kh5 1-0

[Event "Edinburgh op"]
[Site "Edinburgh"]
[Date "2011.04.02"]
[Round "3"]
[White "Will, Douglas"]
[Black "He, Ben"]
[Result "0-1"]
[WhiteElo "1968"]
[BlackElo "1564"]
[PlyCount "72"]
[EventDate "2011.04.01"]
[EventType "swiss"]
[EventRounds "5"]
[EventCountry "SCO"]
[SourceTitle "EXT 2013"]
[Source "ChessBase"]
[SourceDate "2012.11.22"]
[SourceVersion "1"]
[SourceVersionDate "2012.11.22"]
[SourceQuality "1"]

1. e4 c5 2. Nc3 d6 3. f4 e6 4. Nf3 Nf6 5. Bb5+ Bd7 6. Bxd7+ Qxd7 7. 0-0 Nc6 8. d3 a6 9. f5 exf5 10. Bg5 Ne7 11. Na4 Qxa4 12. Qe2 0-0-0 13. b3 Qc6 14. e5 Nfd5 15. c4 Nc7 16. d4 h6 17. Bd2 Ng6 18. e6 fxe6 19. b4 cxd4 20. Nxd4 Qb6 21. Be3 Qxb4 22. Rab1 Qa4 23. Qb2 Ne5 24. Nxe6 b5 25. Nxc7 Kxc7 26. Qd4 Kd7 27. Rxf5 Qxc4 28. Qa7+ Ke6 29. Rbf1 Be7 30. R5f4 Qd5 31. Bc1 Qc5+ 32. Qxc5 dxc5 33. Bb2 Rhf8 34. g3 Bg5 35. Re4 Rxf1+ 36. Kxf1 Bf6 0-1

[Event "East of Scotland-ch"]
[Site "Scotland"]
[Date "2010.05.30"]
[Round "5"]
[White "Dawson, Alastair G"]
[Black "Will, Douglas"]
[Result "1/2-1/2"]
[WhiteElo "1895"]
[BlackElo "1975"]
[PlyCount "23"]
[EventDate "2010.05.28"]
[EventType "swiss"]
[EventRounds "5"]
[EventCountry "SCO"]
[SourceTitle "EXT 2023"]
[Source "ChessBase"]
[SourceDate "2022.10.05"]
[SourceVersion "1"]
[SourceVersionDate "2022.10.05"]
[SourceQuality "1"]

1. d4 Nf6 2. Nf3 g6 3. Nc3 Bg7 4. e4 d6 5. h3 c6 6. a4 0-0 7. Be3 Qa5 8. Bd3 e5 9. dxe5 dxe5 10. 0-0 Nbd7 11. Qd2 Re8 12. Nd5 1/2-1/2

[Event "East of Scotland-ch"]
[Site "Scotland"]
[Date "2010.05.29"]
[Round "3"]
[White "Donohue, Tom"]
[Black "Will, Douglas"]
[Result "1/2-1/2"]
[WhiteElo "1934"]
[BlackElo "1975"]
[PlyCount "63"]
[EventDate "2010.05.28"]
[EventType "swiss"]
[EventRounds "5"]
[EventCountry "SCO"]
[SourceTitle "EXT 2023"]
[Source "ChessBase"]
[SourceDate "2022.10.05"]
[SourceVersion "1"]
[SourceVersionDate "2022.10.05"]
[SourceQuality "1"]

1. e4 e5 2. Nc3 Nc6 3. f4 exf4 4. Nf3 g5 5. d4 g4 6. Bc4 gxf3 7. 0-0 Nxd4 8. Bxf4 Bc5 9. Kh1 d6 10. Qd2 Be6 11. Nd5 Nf6 12. Rae1 Rg8 13. gxf3 Bh3 14. Bg5 Bxf1 15. Rxf1 Rxg5 16. Qxg5 Nxd5 17. Qxd5 Qe7 18. Qxb7 Rd8 19. c3 Ne6 20. Qd5 Qg5 21. Qc6+ Kf8 22. Bxe6 fxe6 23. Qxc7 Qe7 24. Qa5 Rd7 25. b4 Be3 26. Qh5 Qg7 27. f4 Rf7 28. Qh3 Rxf4 29. Rxf4+ Bxf4 30. Qxe6 Qxc3 31. Qf5+ Kg7 32. Qxf4 1/2-1/2

[Event "Mainz Ordix op qual 16th"]
[Site "Mainz"]
[Date "2009.07.28"]
[Round "5"]
[White "Donchenko, Alexander"]
[Black "Will, Douglas"]
[Result "1-0"]
[WhiteElo "2009"]
[BlackElo "1975"]
[PlyCount "21"]
[EventDate "2009.07.28"]
[EventType "swiss (rapid)"]
[EventRounds "7"]
[EventCountry "GER"]
[SourceTitle "CBM 131 Extra"]
[Source "ChessBase"]
[SourceDate "2009.09.03"]
[SourceVersion "2"]
[SourceVersionDate "2009.09.16"]
[SourceQuality "1"]

1. Nf3 d5 2. d4 Nf6 3. c4 c6 4. Qc2 e6 5. Nbd2 Nbd7 6. g3 Bd6 7. Bg2 0-0 8. 0-0 b6 9. e4 dxe4 10. Nxe4 h6 11. Nxd6 1-0

[Event "SCO-ch"]
[Site "Edinburgh"]
[Date "2009.07.18"]
[Round "8"]
[White "Fowler, David W"]
[Black "Will, Douglas"]
[Result "0-1"]
[WhiteElo "1752"]
[BlackElo "1975"]
[PlyCount "106"]
[EventDate "2009.07.11"]
[EventType "swiss"]
[EventRounds "9"]
[EventCountry "SCO"]
[SourceTitle "CBM 131 Extra"]
[Source "ChessBase"]
[SourceDate "2009.09.03"]
[SourceVersion "2"]
[SourceVersionDate "2009.09.16"]
[SourceQuality "1"]

1. e4 e5 2. Nf3 Nc6 3. Bb5 f5 4. d3 Nf6 5. 0-0 fxe4 6. dxe4 Bc5 7. Qd3 Qe7 8. Nc3 Nb4 9. Qe2 c6 10. Ba4 0-0 11. a3 Na6 12. b4 Bb6 13. Bb3+ Kh8 14. Bg5 d6 15. h3 Nc7 16. Rad1 Ne6 17. Bh4 Nd4 18. Nxd4 Bxd4 19. Qd3 Bxc3 20. Qxc3 Be6 21. Rfe1 h6 22. f3 g5 23. Bg3 Bxb3 24. Qxb3 Nh5 25. Bh2 Nf4 26. Bxf4 gxf4 27. Qd3 Rf6 28. Qe2 Rg8 29. Rd3 Rfg6 30. g4 Qh4 31. Red1 Qxh3 32. Qh2 Qxh2+ 33. Kxh2 h5 34. g5 Rxg5 35. Rxd6 Rg2+ 36. Kh1 Kh7 37. Re6 Rxc2 38. Rxe5 Kh6 39. Rf5 Rg3 40. Rxf4 Kg5 41. Rf5+ Kh4 42. Re1 Rh3+ 43. Kg1 Kg3 44. Rg5+ Kxf3 45. e5 Rch2 46. Rf1+ Ke4 47. e6 Rh1+ 48. Kg2 R3h2+ 49. Kg3 h4+ 50. Kg4 Rg2+ 51. Kh5 Rxg5+ 52. Kxg5 Rxf1 53. e7 Rf5+ 0-1

[Event "SCO-ch"]
[Site "Edinburgh"]
[Date "2009.07.14"]
[Round "4"]
[White "Roy, Ali"]
[Black "Will, Douglas"]
[Result "1/2-1/2"]
[WhiteElo "1762"]
[BlackElo "1975"]
[PlyCount "64"]
[EventDate "2009.07.11"]
[EventType "swiss"]
[EventRounds "9"]
[EventCountry "SCO"]
[SourceTitle "CBM 131 Extra"]
[Source "ChessBase"]
[SourceDate "2009.09.03"]
[SourceVersion "2"]
[SourceVersionDate "2009.09.16"]
[SourceQuality "1"]

1. e4 e5 2. Nf3 Nc6 3. Bb5 f5 4. d3 Nf6 5. 0-0 fxe4 6. dxe4 Bc5 7. Qd3 Qe7 8. Nc3 Nb4 9. Qe2 c6 10. Ba4 0-0 11. a3 Na6 12. b4 Bb6 13. Bb3+ Kh8 14. Bb2 d6 15. h3 Nh5 16. Kh1 Nf4 17. Qd1 Qf6 18. Na4 Nxh3 19. Nxb6 axb6 20. gxh3 Qxf3+ 21. Qxf3 Rxf3 22. Kg2 Rxh3 23. Rh1 Rxh1 24. Rxh1 Nc7 25. Rd1 Ne8 26. Bf7 Bd7 27. Bxe8 Rxe8 28. Rxd6 Re7 29. Bxe5 Kg8 30. Bd4 b5 31. Bc5 Be8 32. f3 Rd7 1/2-1/2

[Event "SCO-ch 115th"]
[Site "Glasgow"]
[Date "2008.06.10"]
[Round "6"]
[White "Spencer, Edwin A"]
[Black "Will, Douglas"]
[Result "1-0"]
[WhiteElo "2182"]
[BlackElo "1989"]
[PlyCount "45"]
[EventDate "2008.06.05"]
[EventType "swiss"]
[EventRounds "9"]
[EventCountry "SCO"]
[SourceTitle "EXT 2009"]
[Source "ChessBase"]
[SourceDate "2008.11.26"]
[SourceVersion "1"]
[SourceVersionDate "2008.11.26"]
[SourceQuality "1"]

1. e4 e5 2. f4 exf4 3. Bc4 Nc6 4. d4 Nf6 5. Nc3 Bb4 6. Nge2 d5 7. exd5 Nxd5 8. 0-0 Be6 9. Nxd5 Bxd5 10. Bxd5 Qxd5 11. c3 Be7 12. Nxf4 Qd6 13. Kh1 g5 14. Nd3 0-0 15. b4 Qh6 16. Be3 Bd6 17. Bg1 f5 18. Qb3+ Kg7 19. Rae1 Rf6 20. b5 g4 21. Ne5 Ne7 22. c4 g3 23. Qxg3+ 1-0

[Event "SCO-ch 115th"]
[Site "Glasgow"]
[Date "2008.06.08"]
[Round "4"]
[White "Muir, Andrew Joseph"]
[Black "Will, Douglas"]
[Result "1-0"]
[WhiteElo "2360"]
[BlackElo "1989"]
[PlyCount "65"]
[EventDate "2008.06.05"]
[EventType "swiss"]
[EventRounds "9"]
[EventCountry "SCO"]
[SourceTitle "EXT 2009"]
[Source "ChessBase"]
[SourceDate "2008.11.26"]
[SourceVersion "1"]
[SourceVersionDate "2008.11.26"]
[SourceQuality "1"]

1. d4 Nf6 2. c4 g6 3. Nc3 Bg7 4. e4 d6 5. f3 0-0 6. Be3 c5 7. dxc5 dxc5 8. Qxd8 Rxd8 9. Bxc5 Nc6 10. Nge2 Nd7 11. Be3 Nde5 12. Nf4 Nb4 13. Kf2 Nc2 14. Rd1 Be6 15. Ncd5 Nxe3 16. Kxe3 Bxd5 17. cxd5 Rac8 18. Be2 Rc2 19. Rd2 Rxd2 20. Kxd2 Bh6 21. g3 g5 22. Ng2 g4+ 23. f4 e6 24. Ne3 exd5 25. exd5 Nf3+ 26. Kd3 Bg7 27. Nxg4 Nd4 28. Ne3 Nxe2 29. Kxe2 Bxb2 30. Rb1 Bd4 31. Rxb7 a5 32. Nf5 Bc5 33. Nh6+ 1-0